10-Letter Border Challenge Quiz Stats

Quiz Updated Apr 25, 2018

Challenge
Share
Tweet
Embed
Score 0/55 Timer 06:00
4 Plays Today
% Correct
North Korea
95.8%
China
95.1%
China
95.1%
China
95.1%
China
95.1%
Russia
94.6%
Russia
94.6%
Russia
94.6%
India
94.3%
France
92.4%
Germany
92.2%
South Korea
90.1%
Sudan
89.8%
Uzbekistan
88.5%
Uzbekistan
88.5%
Uzbekistan
88.5%
Kazakhstan
88.4%
Kazakhstan
88.4%
Kyrgyzstan
88.1%
Kyrgyzstan
88.1%
Kyrgyzstan
88.1%
Belgium
87.3%
Tajikistan
86.5%
Tajikistan
86.5%
South Africa
83.1%
Serbia
82.9%
Georgia
81.8%
Honduras
80.6%
% Correct
Turkmenistan
79.9%
Turkmenistan
79.9%
Afghanistan
79.8%
Afghanistan
79.8%
Guatemala
79.6%
Turkey
79.3%
Kenya
78.3%
Croatia
78.1%
Ethiopia
76.7%
Armenia
75.9%
Iran
75.8%
Albania
75.5%
Bosnia-Herzegovina
75.2%
Myanmar
74.7%
Zimbabwe
74.4%
Mali
73.9%
Indonesia
73.3%
Kosovo
73.2%
Tanzania
72.9%
Zambia
69.3%
Dem. Rep. Congo
69%
Uganda
68.2%
Cen. Afr. Rep.
67.9%
Algeria
67.2%
Malawi
60.3%
Senegal
59.6%
Swaziland
59.6%

You're not logged in!

Compare scores with friends on all Sporcle quizzes.
Join for Free
OR
Log In

You Might Also Like...

Show Comments

Extras

Top Quizzes Today


Score Distribution

Your Account Isn't Verified!

In order to create a playlist on Sporcle, you need to verify the email address you used during registration. Go to your Sporcle Settings to finish the process.

Report this User

Report this user for behavior that violates our Community Guidelines.

Details: